Online
Catalog

NORTIC B1 2016: (Record no. 50136)

MARC details
000 -CABECERA
campo de control de longitud fija 01633nam a2200313 i 4500
003 - IDENTIFICADOR DEL NÚMERO DE CONTROL
campo de control DO-SdBNP
005 - FECHA Y HORA DE LA ÚLTIMA TRANSACCIÓN
campo de control 20231017150846.0
006 - CÓDIGOS DE INFORMACIÓN DE LONGITUD FIJA--CARACTERÍSTICAS DEL MATERIAL ADICIONAL
campo de control de longitud fija a||||gr|||| 00| 0
007 - CAMPO FIJO DE DESCRIPCIÓN FÍSICA--INFORMACIÓN GENERAL
campo de control de longitud fija ta
008 - DATOS DE LONGITUD FIJA--INFORMACIÓN GENERAL
campo de control de longitud fija 210716e2016 dr ad||grl||| 001 0 spa d
040 ## - FUENTE DE LA CATALOGACIÓN
Centro catalogador/agencia de origen DO-SdBNP
Lengua de catalogación spa
Centro/agencia transcriptor BNPHU
Normas de descripción rda
082 #4 - NÚMERO DE LA CLASIFICACIÓN DECIMAL DEWEY
Número de documento/Ítem R426n
Número de clasificación 22
110 1# - ENTRADA PRINCIPAL--NOMBRE DE ENTIDAD CORPORATIVA
Nombre de entidad corporativa o nombre de jurisdicción como elemento de entrada República Dominicana. Oficina Presidencial de Tecnología de la Información y Comunicaciones.
9 (RLIN) 37585
Término indicativo de función/relación autor
245 10 - MENCIÓN DE TÍTULO
Título NORTIC B1 2016:
Resto del título normas para la implementación y gestión de la conectividad en el Estado Dominicano. /
264 #1 - PRODUCCIÓN, PUBLICACIÓN, DISTRIBUCIÓN, FABRICACIÓN Y COPYRIGHT
Producción, publicación, distribución, fabricación y copyright Santo Domingo :
Nombre del de productor, editor, distribuidor, fabricante OPTIC,
Fecha de producción, publicación, distribución, fabricación o copyright 2016
300 ## - DESCRIPCIÓN FÍSICA
Extensión 118 páginas :
Otras características físicas Ilustraciones., gráficas. ;
Dimensiones 23 cm.
336 ## - TIPO DE CONTENIDO
Fuente rdacontent
Término de tipo de contenido texto
Código de tipo de contenido txt
337 ## - TIPO DE MEDIO
Fuente rdamedia
Nombre/término del tipo de medio sin mediación
Código del tipo de medio n
338 ## - TIPO DE SOPORTE
Fuente rdacarrier
Nombre/término del tipo de soporte volumen
Código del tipo de soporte nc
490 ## - MENCIÓN DE SERIE
Mención de serie Categoría: A
490 ## - MENCIÓN DE SERIE
Mención de serie Documento ;
Designación de volumen o secuencia 1
500 ## - NOTA GENERAL
Nota general Incluye bibliografía y notas al pié de páginas.
500 ## - NOTA GENERAL
Nota general Incluye glosario de términos, páginas 85- 101.
504 ## - NOTA DE BIBLIOGRAFÍA, ETC.
Nota de bibliografía, etc. Bibliografía: páginas 109- 112
505 ## - NOTA DE CONTENIDO CON FORMATO
Nota de contenido con formato Prólogo.
Título Marco Legal.
-- Introducción.
-- Capítulo I.
-- Normas para la Implementación y Gestión de la Conectividad en el Estado Dominicano.--
-- Capítulo II.
-- Planificación de la Red de Datos.--
-- Capítulo III.
-- Diseño de la Red de Datos.--
-- Capítulo IV.
-- Implementación y Configuración de la Infraestructura TIC.--
-- Capítulo V.
-- Gastión y Monitoreo de la Infraestructura TIC
-- Glosario de términos.
-- Abreviaturas y Acrósticos.
-- Anexos.
-- Equipo de Trabajo.
590 ## - NOTA LOCAL (RLIN)
Nota local Inventario 2021 / MF
651 #4 - PUNTO DE ACCESO ADICIONAL DE MATERIA--NOMBRE GEOGRÁFICO
9 (RLIN) 3038
Nombre geográfico República Dominicana
Subdivisión general Reglametos y Normas de la Conectividad
Subdivisión cronológica 2016
942 ## - ELEMENTOS DE PUNTO DE ACCESO ADICIONAL (KOHA)
Fuente del sistema de clasificación o colocación Dewey Decimal Classification
Tipo de ítem Koha Libro
Holdings
Estado de retiro Estado de pérdida Fuente del sistema de clasificación o colocación Restricciones de uso No para préstamo Código de colección Localización permanente Ubicación/localización actual Ubicación en estantería Fecha de adquisición Fuente de adquisición Total de préstamos Signatura topográfica completa Código de barras Fecha visto por última vez Precio válido a partir de Tipo de ítem Koha Número de copia
    Dewey Decimal Classification Excluido de préstamo   Patrimonio Dominicano Biblioteca Nacional Pedro Henríquez Ureña Biblioteca Nacional Pedro Henríquez Ureña Depósito 18.09.2021 Depósito Legal / Editora Centenario   R426n 2021-25214 16.07.2021 16.07.2021 Libro  
    Dewey Decimal Classification Excluido de préstamo   Patrimonio Dominicano Biblioteca Nacional Pedro Henríquez Ureña Biblioteca Nacional Pedro Henríquez Ureña Depósito 18.09.2018 Depósito Legal / Editora Centenario   R426n 2021-25215 16.07.2021 16.07.2021 Libro e.2
    Dewey Decimal Classification Préstamo en sala   Dominicana de Servicio Biblioteca Nacional Pedro Henríquez Ureña Biblioteca Nacional Pedro Henríquez Ureña Depósito 18.09.2018 Depósito Legal / Editora Centenario   R426n 2021-25216 16.07.2021 16.07.2021 Libro e.3

Powered by Koha